Cultura política y democratización en América Latina /
El propósito de este artículo es analizar la forma en que los valores políticos heredados de la etpa colonial tienen una larga y profunda presencia en América Latina y observar los efectos de los regímenes democráticos, en nuestras naciones, a lo largo del siglo XIX y XX
Gespeichert in:
| 1. Verfasser: | |
|---|---|
| Format: | Text |
| Schlagworte: | |
| Tags: |
Tag hinzufügen
Keine Tags, Fügen Sie den ersten Tag hinzu!
|
MARC
| LEADER | 00000 a a2200000 04500 | ||
|---|---|---|---|
| 001 | 14481 | ||
| 003 | |||
| 040 | |||
| 100 | |a Heras Gómez, Leticia | ||
| 245 | |a Cultura política y democratización en América Latina / |c Leticia Heras Gómez | ||
| 500 | |a Resumen también en Inglés | ||
| 520 | |a El propósito de este artículo es analizar la forma en que los valores políticos heredados de la etpa colonial tienen una larga y profunda presencia en América Latina |a y observar los efectos de los regímenes democráticos, en nuestras naciones, a lo largo del siglo XIX y XX | ||
| 650 | |a CULTURA POLITICA | ||
| 650 | |a DEMOCRACIA | ||
| 650 | |a ENCUESTAS DE OPINION PUBLICA | ||
| 650 | |a DEMOCRACIA | ||
| 650 | |a GOBIERNO | ||
| 773 | |g número 103 -104 (I -II); páginas 23-36 | ||
| 999 | |c 33416 |d 33416 | ||
| 773 | 0 | |0 18728 |9 3035 |a Universidad de Costa Rica |d San José, Costa Rica Editorial UCR 1956- |o 18151 |t Revista de Ciencias Sociales/ |x 04825276 | |
